<?xml version="1.0" encoding="UTF-8"?>
<collection xmlns="http://www.loc.gov/MARC21/slim">
<record>
  <controlfield tag="001">170079</controlfield>
  <controlfield tag="005">20260316092630.0</controlfield>
  <datafield tag="024" ind1="7" ind2=" ">
    <subfield code="2">doi</subfield>
    <subfield code="a">10.1016/j.impact.2025.100608</subfield>
  </datafield>
  <datafield tag="024" ind1="8" ind2=" ">
    <subfield code="2">sideral</subfield>
    <subfield code="a">148605</subfield>
  </datafield>
  <datafield tag="037" ind1=" " ind2=" ">
    <subfield code="a">ART-2025-148605</subfield>
  </datafield>
  <datafield tag="041" ind1=" " ind2=" ">
    <subfield code="a">eng</subfield>
  </datafield>
  <datafield tag="100" ind1=" " ind2=" ">
    <subfield code="a">Bakir, Mariam</subfield>
  </datafield>
  <datafield tag="245" ind1=" " ind2=" ">
    <subfield code="a">Impact of titanium dioxide and cerium dioxide nanoparticle mixtures on the green alga Raphidocelis subcapitata</subfield>
  </datafield>
  <datafield tag="260" ind1=" " ind2=" ">
    <subfield code="c">2025</subfield>
  </datafield>
  <datafield tag="520" ind1="3" ind2=" ">
    <subfield code="a">Engineered nanoparticles (NPs) occur as mixtures in the environment, making the study of their combined toxicity more realistic than the assessment of individual NPs. Interactions between NPs can alter toxicity profiles, producing synergistic, antagonistic, or additive effects, yet current environmental assessments often overlook these cocktail effects. This study investigated the effects of titanium dioxide NPs (TiO2-NPs) and cerium dioxide NPs (CeO2-NPs) mixtures on the green alga Raphidocelis subcapitata compared individual NP exposures. Four mixtures with varying NP ratios were designed based on the toxicity units (TUs) concept and EC₅₀ growthinhibition values for TiO2-NPs of 28.3 ± 1.16 mg L− 1 , and EC50 for CeO2-NPs of 13.6 ± 0.57 mg L− 1 . Growth inhibition, reactive oxygen species (ROS) generation, and membrane damage were assessed using flow cytometry (FCM), while uptake was analyzed by single-cell inductively coupled plasma mass spectrometry (SC-ICP-MS).
Single-particle (SP) -ICP-MS distinguished NP size distribution and dissolution in mixtures. Results revealed antagonistic interactions in mixtures, with growth inhibition lower than expected based on
individual treatments. The difference between predicted and measured TUs in the mixture treatments, used as a measure for the extent of antagonistic interaction ranged from 0.66 to 1.76. Cells with elevated ROS generation showed a two- to four-fold reduction in the mixtures versus single NP treatments. SC-ICP-MS indicated reduced bioavailability of NPs in mixtures: intracellular TiO₂-NP content decreased from 15.7 to 24.3 fg cell− 1 (single) to
12.9–15.9 fg cell− 1 (mixture), and CeO₂-NP content dropped from 3.6 to 8.6 fg cell− 1 to 2.7–3.8 fg cell− 1 . This study demonstrates the importance of assessing NP mixture toxicity using advanced single-event techniques,
such as FCM, SP- and SC-ICP-MS, to discriminate the fate and bioavailability of NPs present in mixtures and to better understand their environmental impacts.</subfield>
  </datafield>
  <datafield tag="506" ind1="0" ind2=" ">
    <subfield code="a">Access copy available to the general public</subfield>
    <subfield code="f">Unrestricted</subfield>
  </datafield>
  <datafield tag="536" ind1=" " ind2=" ">
    <subfield code="9">info:eu-repo/grantAgreement/ES/DGA/E29-23R</subfield>
    <subfield code="9">info:eu-repo/grantAgreement/ES/MICINN/PID2021-123203OB-I00</subfield>
    <subfield code="9">info:eu-repo/grantAgreement/ES/NextGenerationEU/MZ-240621</subfield>
  </datafield>
  <datafield tag="540" ind1=" " ind2=" ">
    <subfield code="9">info:eu-repo/semantics/openAccess</subfield>
    <subfield code="a">by</subfield>
    <subfield code="u">https://creativecommons.org/licenses/by/4.0/deed.es</subfield>
  </datafield>
  <datafield tag="655" ind1=" " ind2="4">
    <subfield code="a">info:eu-repo/semantics/article</subfield>
    <subfield code="v">info:eu-repo/semantics/publishedVersion</subfield>
  </datafield>
  <datafield tag="700" ind1=" " ind2=" ">
    <subfield code="a">Abad-Alvaro, Isabel</subfield>
    <subfield code="u">Universidad de Zaragoza</subfield>
    <subfield code="0">(orcid)0000-0002-4169-0357</subfield>
  </datafield>
  <datafield tag="700" ind1=" " ind2=" ">
    <subfield code="a">Laborda, Francisco</subfield>
    <subfield code="u">Universidad de Zaragoza</subfield>
    <subfield code="0">(orcid)0000-0002-7931-3901</subfield>
  </datafield>
  <datafield tag="700" ind1=" " ind2=" ">
    <subfield code="a">Slaveykova, Vera I.</subfield>
  </datafield>
  <datafield tag="710" ind1="2" ind2=" ">
    <subfield code="1">2009</subfield>
    <subfield code="2">750</subfield>
    <subfield code="a">Universidad de Zaragoza</subfield>
    <subfield code="b">Dpto. Química Analítica</subfield>
    <subfield code="c">Área Química Analítica</subfield>
  </datafield>
  <datafield tag="773" ind1=" " ind2=" ">
    <subfield code="g">41 (2025), 100608 [10 pp.]</subfield>
    <subfield code="t">NanoImpact</subfield>
    <subfield code="x">2452-0748</subfield>
  </datafield>
  <datafield tag="856" ind1="4" ind2=" ">
    <subfield code="s">2245974</subfield>
    <subfield code="u">http://zaguan.unizar.es/record/170079/files/texto_completo.pdf</subfield>
    <subfield code="y">Versión publicada</subfield>
  </datafield>
  <datafield tag="856" ind1="4" ind2=" ">
    <subfield code="s">2516365</subfield>
    <subfield code="u">http://zaguan.unizar.es/record/170079/files/texto_completo.jpg?subformat=icon</subfield>
    <subfield code="x">icon</subfield>
    <subfield code="y">Versión publicada</subfield>
  </datafield>
  <datafield tag="909" ind1="C" ind2="O">
    <subfield code="o">oai:zaguan.unizar.es:170079</subfield>
    <subfield code="p">articulos</subfield>
    <subfield code="p">driver</subfield>
  </datafield>
  <datafield tag="951" ind1=" " ind2=" ">
    <subfield code="a">2026-03-16-08:18:13</subfield>
  </datafield>
  <datafield tag="980" ind1=" " ind2=" ">
    <subfield code="a">ARTICLE</subfield>
  </datafield>
</record>
</collection>